[Event "Bergamo Province-ch"]
[Site "Bergamo"]
[Date "2006.10.27"]
[Round "4"]
[White "Bosio, Giovanni"]
[Black "Merletti, Vincenzo"]
[Result "1/2-1/2"]
[WhiteElo "1643"]
[BlackElo "1545"]
[PlyCount "48"]
[EventDate "2006.10.06"]
[EventType "swiss"]
[EventRounds "9"]
[EventCountry "ITA"]
[SourceTitle "EXT 2011"]
[Source "ChessBase"]
[SourceDate "2010.11.26"]
[SourceVersion "1"]
[SourceVersionDate "2010.11.26"]
[SourceQuality "1"]

1. d4 Nf6 2. c4 e6 3. Nc3 Bb4 4. Bd2 0-0 5. a3 Bxc3 6. Bxc3 d6 7. e3 Ne4 8. Bd3 Nxc3 9. bxc3 c5 10. Ne2 Nc6 11. 0-0 Qa5 12. f4 b6 13. Qc2 h6 14. f5 Ba6 15. fxe6 fxe6 16. Nf4 Rf6 17. Bh7+ Kh8 18. Ng6+ Kxh7 19. Ne7+ Kh8 20. Nxc6 Rxf1+ 21. Rxf1 Qxa3 22. Ne7 Bxc4 23. Ng6+ Kg8 24. Ne7+ Kh8 1/2-1/2